| 000 | 00659nam a2200217 4500 | ||
|---|---|---|---|
| 005 | 20180417143656.0 | ||
| 008 | 180417s2007 mx a gr 000 0 mul d | ||
| 040 |
_aEG-ScBUE _beng _cEG-ScBUE |
||
| 041 | 0 |
_aspa _aeng |
|
| 043 | _an-mx--- | ||
| 082 | 0 | 4 |
_a634.9 _bMEX _222 |
| 245 | 0 | 0 |
_aMéxico reforesta = _bMexico reforest. |
| 260 |
_aPeralvillo Mexico : _bFrancisco Gonzalez Bocanegra, _c2007. |
||
| 300 |
_a139 p. : _bill. (col.) ; _c24 cm. |
||
| 541 | _aAmbassador Ali Al-Hafni ; | ||
| 546 | _aText in Spanish and English. | ||
| 650 | 7 |
_aReforestation _zMexico. _2BUEsh |
|
| 651 | _2BUEsh | ||
| 653 |
_bGGEN _cApril2018 |
||
| 942 | _2ddc | ||
| 999 |
_c26531 _d26503 |
||